Lego Batman The Video Game bosses - Statistics

General Stats
  • This quiz has been taken 126 times
  • The average score is 13 of 15
Answer Stats
Level Answer % Correct
C3 L5 Joker / Harley quinn
100%
C2 L5 Penguin / Catwoman
97%
C2 L2 Penguin's Submarine
95%
C1 L5 Riddler / Two face
95%
C1 L3 Two face's Armoured truck
95%
C2 L1 Catwoman
94%
C1 L1 Clay face
91%
C2 L3 Killer croc
91%
C3 L2 Harley Quinn
90%
C1 L2 Mr Freeze
90%
C1 L4 Poison Ivy
90%
C2 L4 Man bat
86%
C3 L1 Mad hatter
77%
C3 L3 Scarecrow's Biplane
77%
C3 L4 Killer moth
72%
No matching quizzes found
Score Distribution
Percent of People with Each Score
Percentile by Number Answered
Your Score History
You have not taken this quiz